Statistics for Countries of Europe by Picture

Click here to take the quiz!

General Stats

  • This quiz has been taken 43 times
    (28 since last reset)
  • The average score is 29 of 45

Answer Stats

Answer% Correct
France
100%
Greece
100%
United Kingdom
100%
Iceland
94%
Denmark
88%
Italy
88%
Netherlands
88%
Russia
88%
Switzerland
88%
Vatican City
88%
Belgium
81%
Croatia
81%
Germany
81%
Spain
81%
Malta
75%
Bosnia and Herzegovina
69%
Bulgaria
69%
Czechia
69%
Hungary
69%
Monaco
69%
Norway
69%
Ukraine
69%
Finland
63%
Slovenia
63%
Austria
56%
Ireland
56%
Kosovo
56%
Luxembourg
56%
Poland
56%
San Marino
56%
Slovakia
56%
Sweden
56%
Belarus
50%
Liechtenstein
50%
Moldova
50%
Portugal
50%
Serbia
50%
Latvia
44%
Lithuania
44%
Macedonia
44%
Romania
44%
Albania
38%
Andorra
31%
Estonia
31%
Montenegro
31%

Score Distribution

Percentile by Number Answered

Percent of People with Each Score

Your Score History

You have not taken this quiz since the last reset